[Event "Romanian-ch Open 2022"]
[Site "Eforie Nord"]
[Date "2022.02.26"]
[Round "8.20"]
[White "Sachilaru, Alexandru"]
[Black "Antal, Hunor-Zoltan"]
[Result "1-0"]
[WhiteElo "2085"]
[BlackElo "2172"]
[Annotator "NA"]
[PlyCount "119"]
[EventDate "2022.02.20"]
[EventType "swiss"]
[EventCountry "ROU"]
[SourceTitle "playchess.com"]
[Source "ChessBase"]
[SourceQuality "1"]
[TimeControl "40/5400+30:900+30"]

1. d4 {[%emt 0:00:07]} Nf6 {[%emt 0:00:05]} 2. c4 {[%emt 0:00:19]} c5 {[%emt 0:00:12]} 3. d5 {[%emt 0:00:16]} b5 {[%emt 0:00:00]} 4. cxb5 {[%emt 0:00:27]} a6 {[%emt 0:00:06]} 5. bxa6 {[%emt 0:00:16]} Bxa6 {[%emt 0:00:23]} 6. Nc3 {[%emt 0:00:33]} d6 {[%emt 0:00:08]} 7. g3 {[%emt 0:00:23]} g6 {[%emt 0:00:08]} 8. Bg2 {[%emt 0:00:06]} Bg7 {[%emt 0:00:06]} 9. Nf3 {[%emt 0:00:10]} O-O {[%emt 0:00:53]} 10. O-O {[%emt 0:00:37]} Nbd7 {[%emt 0:00:13]} 11. h3 {[%emt 0:02:11]} Qa5 {[%emt 0:05:21]} 12. Re1 {[%emt 0:03:35]} Rfb8 {[%emt 0:04:04]} 13. Qc2 {[%emt 0:09:38]} Ra7 {[%emt 0:26:55]} 14. Rb1 {[%emt 0:09:12]} Rab7 {[%emt 0:09:00]} 15. Bd2 {[%emt 0:27:59]} Ne8 {[%emt 0:11:47]} 16. b3 {[%emt 0:10:51]} Qc7 {[%emt 0:03:10]} 17. a3 {[%emt 0:15:30]} Qa5 {[%emt 0:11:54]} 18. Na4 {[%emt 0:02:24]} Qd8 {[%emt 0:00:01]} 19. b4 {[%emt 0:03:57]} Rc8 {[%emt 0:04:28]} 20. Rbc1 {[%emt 0:03:17]} Ra7 {[%emt 0:02:50]} 21. Qb3 {[%emt 0:03:41]} c4 {[%emt 0:00:46]} 22. Qd1 {[%emt 0:01:34]} Bb7 {[%emt 0:04:06]} 23. Be3 {[%emt 0:00:39]} Ra6 {[%emt 0:02:42]} 24. Nd4 {[%emt 0:01:09]} Rca8 {[%emt 0:06:03]} 25. Nc6 {[%emt 0:01:57]} Bxc6 {[%emt 0:00:59]} 26. dxc6 {[%emt 0:00:09]} Rxa4 {[%emt 0:00:44]} 27. cxd7 {[%emt 0:00:39]} Qxd7 {[%emt 0:00:10]} 28. Bxa8 {[%emt 0:00:14]} Rxa8 {[%emt 0:00:01]} 29. Kh2 {[%emt 0:00:31]} Rxa3 {[%emt 0:03:21]} 30. Rxc4 {[%emt 0:00:27]} Qe6 {[%emt 0:00:00]} 31. Qc2 {[%emt 0:00:55]} Rxe3 {[%emt 0:01:06]} 32. fxe3 {[%emt 0:00:16]} Qxe3 {[%emt 0:00:06]} 33. Rf1 {[%emt 0:00:34]} Nf6 {[%emt 0:01:31]} 34. Qd3 {[%emt 0:00:44]} Qe5 {[%emt 0:01:16]} 35. b5 {[%emt 0:01:57]} Nd7 {[%emt 0:01:04]} 36. Rc8+ {[%emt 0:00:27]} Bf8 {[%emt 0:00:01]} 37. Rb1 {[%emt 0:00:37]} Nc5 {[%emt 0:01:47]} 38. Qf3 {[%emt 0:00:26]} Ne4 {[%emt 0:00:20]} 39. Rf1 {[%emt 0:00:31]} Qe6 {[%emt 0:00:25]} 40. Ra8 {[%emt 0:00:00]} f5 {[%emt 0:00:00]} 41. Qe3 {[%emt 0:09:08]} Kf7 {[%emt 0:02:11]} 42. b6 {[%emt 0:02:39]} Qd5 {[%emt 0:00:52]} 43. Ra4 {[%emt 0:01:51]} Nc5 {[%emt 0:00:14]} 44. Qd4 {[%emt 0:01:06]} Qb7 {[%emt 0:01:18]} 45. Qc4+ {[%emt 0:00:39]} Kf6 {[%emt 0:02:09]} 46. Rb4 {[%emt 0:01:00]} e5 {[%emt 0:01:23]} 47. Qg8 {[%emt 0:01:45]} Ne6 {[%emt 0:01:15]} 48. Qh8+ {[%emt 0:00:52]} Kg5 {[%emt 0:01:36]} 49. h4+ {[%emt 0:00:43]} Kh6 {[%emt 0:00:06]} 50. Qf6 {[%emt 0:00:36]} Qa6 {[%emt 0:00:29]} 51. Rf2 {[%emt 0:00:39]} Qa3 {[%emt 0:00:30]} 52. Qxe6 {[%emt 0:00:38]} Qxb4 {[%emt 0:00:07]} 53. Qf6 {[%emt 0:00:28]} d5 {[%emt 0:00:35]} 54. b7 {[%emt 0:00:31]} Bd6 {[%emt 0:01:45]} 55. Rxf5 {[%emt 0:00:29]} Be7 {[%emt 0:00:58]} 56. Qxe5 {[%emt 0:00:21]} gxf5 {[%emt 0:00:55]} 57. b8=Q {[%emt 0:00:11]} Qe1 {[%emt 0:00:07]} 58. Qf4+ {[%emt 0:00:24]} Kg6 {[%emt 0:00:10]} 59. Qe8+ {[%emt 0:00:09]} Kf6 {[%emt 0:00:11]} 60. Qg5+ {[%emt 0:00:30]} 1-0

[Event "Romanian-ch Open 2022"]
[Site "Eforie Nord"]
[Date "2022.02.26"]
[Round "8.21"]
[White "Stepanencu, Nicodim-Cosmin"]
[Black "Zaim, Marian"]
[Result "1-0"]
[WhiteElo "2334"]
[BlackElo "1964"]
[Annotator "ChessBase"]
[PlyCount "63"]
[EventDate "2022.02.20"]
[EventType "swiss"]
[EventCountry "ROU"]
[SourceTitle "playchess.com"]
[Source "ChessBase"]
[SourceQuality "1"]
[TimeControl "40/5400+30:900+30"]

1. e4 {[%emt 0:00:03]} d6 {[%emt 0:00:18]} 2. d4 {[%emt 0:00:06]} Nf6 {[%emt 0:00:06]} 3. Nc3 {[%emt 0:00:05]} e5 {[%emt 0:00:06]} 4. Nf3 {[%emt 0:00:26]} Nbd7 {[%emt 0:00:29]} 5. Rg1 {[%emt 0:00:30]} c6 {[%emt 0:12:16]} 6. g4 {[%emt 0:04:50]} g6 {[%emt 0:08:59]} 7. g5 {[%emt 0:05:03]} Nh5 {[%emt 0:01:34]} 8. Be3 {[%emt 0:00:09]} Qa5 {[%emt 0:11:34]} 9. Nd2 {[%emt 0:06:54]} Be7 {[%emt 0:10:09]} 10. h4 {[%emt 0:07:46]} b5 {[%emt 0:10:01]} 11. d5 {[%emt 0:01:06]} b4 {[%emt 0:01:26]} 12. Nc4 {[%emt 0:02:42]} Qc7 {[%emt 0:01:56]} 13. dxc6 {[%emt 0:00:02]} bxc3 {[%emt 0:00:36]} 14. cxd7+ {[%emt 0:00:06]} Bxd7 {[%emt 0:00:36]} 15. b3 {[%emt 0:00:12]} Be6 {[%emt 0:02:28]} 16. Qd3 {[%emt 0:02:31]} Bxc4 {[%emt 0:02:51]} 17. Qxc3 {[%emt 0:00:51]} O-O {[%emt 0:05:22]} 18. Bxc4 {[%emt 0:00:38]} Kh8 {[%emt 0:00:44]} 19. O-O-O {[%emt 0:08:41]} f6 {[%emt 0:01:02]} 20. Rd3 {[%emt 0:06:56]} fxg5 {[%emt 0:02:46]} 21. hxg5 {[%emt 0:00:02]} Nf4 {[%emt 0:00:43]} 22. Bxf4 {[%emt 0:00:08]} Rxf4 {[%emt 0:00:04]} 23. Rh3 {[%emt 0:00:16]} h5 {[%emt 0:02:52]} 24. gxh6 {[%emt 0:00:44]} g5 {[%emt 0:00:55]} 25. h7 {[%emt 0:04:40]} Raf8 {[%emt 0:05:49]} 26. Rh6 {[%emt 0:00:48]} R8f6 {[%emt 0:06:05]} 27. Rxg5 {[%emt 0:08:57]} Rxh6 {[%emt 0:01:13]} 28. Rg8+ {[%emt 0:00:01]} Kxh7 {[%emt 0:00:08]} 29. Qg3 {[%emt 0:00:04]} Rh1+ {[%emt 0:04:38]} 30. Kb2 {[%emt 0:00:59]} Bg5 {[%emt 0:05:47]} 31. Qxg5 {[%emt 0:00:05]} Rh6 {[%emt 0:01:49]} 32. Rh8+ {[%emt 0:00:06]} 1-0

[Event "Romanian-ch Open 2022"]
[Site "Eforie Nord"]
[Date "2022.02.26"]
[Round "8.22"]
[White "Mazilu, Stefan-Fabian"]
[Black "Patrascu, Catalin-Lucian"]
[Result "1/2-1/2"]
[WhiteElo "1886"]
[BlackElo "2310"]
[Annotator "ChessBase"]
[PlyCount "52"]
[EventDate "2022.02.20"]
[EventType "swiss"]
[EventCountry "ROU"]
[SourceTitle "playchess.com"]
[Source "ChessBase"]
[SourceQuality "1"]
[TimeControl "40/5400+30:900+30"]

1. e4 {[%emt 0:00:04]} c5 {[%emt 0:00:05]} 2. Nf3 {[%emt 0:00:06]} d6 {[%emt 0:00:06]} 3. Bb5+ {[%emt 0:00:05]} Nd7 {[%emt 0:00:28]} 4. a4 {[%emt 0:00:14]} Ngf6 {[%emt 0:00:30]} 5. Nc3 {[%emt 0:04:34]} g6 {[%emt 0:13:35]} 6. O-O {[%emt 0:05:48]} Bg7 {[%emt 0:00:21]} 7. a5 {[%emt 0:06:44]} a6 {[%emt 0:00:22]} 8. Bc4 {[%emt 0:01:13]} O-O {[%emt 0:00:44]} 9. Re1 {[%emt 0:08:49]} Ng4 {[%emt 0:15:17]} 10. d4 {[%emt 0:18:33]} cxd4 {[%emt 0:08:32]} 11. Nxd4 {[%emt 0:00:34]} Qc7 {[%emt 0:07:15]} 12. Bf1 {[%emt 0:07:51]} Qc5 {[%emt 0:08:06]} 13. Qxg4 {[%emt 0:07:43]} Bxd4 {[%emt 0:00:21]} 14. Be3 {[%emt 0:00:26]} Nf6 {[%emt 0:01:38]} 15. Bxd4 {[%emt 0:05:40]} Qxd4 {[%emt 0:00:23]} 16. Qd1 {[%emt 0:00:26]} Qxd1 {[%emt 0:09:57]} 17. Raxd1 {[%emt 0:00:56]} Be6 {[%emt 0:00:29]} 18. Nd5 {[%emt 0:04:40]} Bxd5 {[%emt 0:00:40]} 19. exd5 {[%emt 0:00:08]} Rfe8 {[%emt 0:01:56]} 20. h3 {[%emt 0:02:39]} Kf8 {[%emt 0:02:23]} 21. Re3 {[%emt 0:01:10]} Rec8 {[%emt 0:00:28]} 22. c4 {[%emt 0:00:39]} Rc7 {[%emt 0:00:35]} 23. Rde1 {[%emt 0:01:02]} Rb8 {[%emt 0:01:53]} 24. Rb3 {[%emt 0:05:35]} Nd7 {[%emt 0:01:58]} 25. Rbe3 {[%emt 0:01:33]} b6 {[%emt 0:13:12]} 26. Rxe7 {[%emt 0:02:04]} Rbb7 {[%emt 0:03:22]} 1/2-1/2

[Event "Romanian-ch Open 2022"]
[Site "Eforie Nord"]
[Date "2022.02.26"]
[Round "8.23"]
[White "Andronescu, Madalin"]
[Black "Negrean, Andrei"]
[Result "1/2-1/2"]
[WhiteElo "2122"]
[BlackElo "1941"]
[Annotator "NA"]
[PlyCount "113"]
[EventDate "2022.02.20"]
[EventType "swiss"]
[EventCountry "ROU"]
[SourceTitle "playchess.com"]
[Source "ChessBase"]
[SourceQuality "1"]
[TimeControl "40/5400+30:900+30"]

1. e4 {[%emt 0:00:04]} c5 {[%emt 0:00:13]} 2. Nf3 {[%emt 0:00:05]} Nc6 {[%emt 0:00:23]} 3. d4 {[%emt 0:00:07]} cxd4 {[%emt 0:00:19]} 4. Nxd4 {[%emt 0:00:06]} Qc7 {[%emt 0:00:34]} 5. Nc3 {[%emt 0:00:25]} e6 {[%emt 0:00:13]} 6. Be3 {[%emt 0:01:33]} a6 {[%emt 0:00:35]} 7. Be2 {[%emt 0:00:35]} Nf6 {[%emt 0:00:43]} 8. O-O {[%emt 0:00:14]} Bb4 {[%emt 0:01:24]} 9. Nxc6 {[%emt 0:02:16]} bxc6 {[%emt 0:09:31]} 10. Na4 {[%emt 0:07:05]} Bd6 {[%emt 0:13:14]} 11. h3 {[%emt 0:00:31]} Nxe4 {[%emt 0:05:53]} 12. Qd4 {[%emt 0:00:11]} Nf6 {[%emt 0:01:32]} 13. Nb6 {[%emt 0:00:07]} Rb8 {[%emt 0:05:50]} 14. Nc4 {[%emt 0:00:09]} Bh2+ {[%emt 0:10:49]} 15. Kh1 {[%emt 0:01:19]} d5 {[%emt 0:12:03]} 16. g3 {[%emt 0:02:16]} dxc4 {[%emt 0:07:19]} 17. Kxh2 {[%emt 0:00:22]} Qd7 {[%emt 0:11:08]} 18. Qxc4 {[%emt 0:02:37]} e5 {[%emt 0:04:30]} 19. Kg1 {[%emt 0:04:59]} Qd5 {[%emt 0:04:21]} 20. Rfd1 {[%emt 0:02:54]} Qxc4 {[%emt 0:00:56]} 21. Bxc4 {[%emt 0:00:07]} Bxh3 {[%emt 0:01:56]} 22. Bc5 {[%emt 0:05:30]} Be6 {[%emt 0:03:08]} 23. Bxe6 {[%emt 0:04:13]} fxe6 {[%emt 0:00:01]} 24. Rd6 {[%emt 0:00:11]} Kf7 {[%emt 0:00:56]} 25. Rxc6 {[%emt 0:00:53]} Rhc8 {[%emt 0:00:27]} 26. Rxc8 {[%emt 0:00:16]} Rxc8 {[%emt 0:00:00]} 27. b4 {[%emt 0:16:19]} Nd7 {[%emt 0:01:33]} 28. Be3 {[%emt 0:01:48]} Rxc2 {[%emt 0:00:14]} 29. a4 {[%emt 0:00:20]} Nb8 {[%emt 0:04:36]} 30. b5 {[%emt 0:06:35]} Rb2 {[%emt 0:00:36]} 31. Ba7 {[%emt 0:00:51]} Nd7 {[%emt 0:00:31]} 32. bxa6 {[%emt 0:00:30]} Nb8 {[%emt 0:00:28]} 33. Bxb8 {[%emt 0:02:51]} Rxb8 {[%emt 0:00:02]} 34. a7 {[%emt 0:00:09]} Ra8 {[%emt 0:00:16]} 35. a5 {[%emt 0:00:04]} Rxa7 {[%emt 0:00:03]} 36. a6 {[%emt 0:00:04]} e4 {[%emt 0:01:26]} 37. Kf1 {[%emt 0:00:08]} Kf6 {[%emt 0:00:38]} 38. Ke2 {[%emt 0:00:06]} Kf5 {[%emt 0:00:34]} 39. Ke3 {[%emt 0:00:05]} h5 {[%emt 0:00:30]} 40. Kd4 {[%emt 0:00:00]} e5+ {[%emt 0:00:00]} 41. Kc5 {[%emt 0:01:10]} e3 {[%emt 0:12:31]} 42. fxe3 {[%emt 0:00:11]} Ke4 {[%emt 0:00:48]} 43. Kb6 {[%emt 0:00:44]} Ra8 {[%emt 0:00:27]} 44. Kb7 {[%emt 0:00:09]} Re8 {[%emt 0:01:02]} 45. a7 {[%emt 0:03:50]} g5 {[%emt 0:02:51]} 46. a8=Q {[%emt 0:02:17]} Rxa8 {[%emt 0:00:04]} 47. Rxa8 {[%emt 0:00:07]} Kxe3 {[%emt 0:01:19]} 48. Kc6 {[%emt 0:00:10]} Kf3 {[%emt 0:00:30]} 49. Ra3+ {[%emt 0:01:14]} Kg2 {[%emt 0:00:27]} 50. Kd5 {[%emt 0:01:07]} h4 {[%emt 0:00:10]} 51. gxh4 {[%emt 0:00:04]} gxh4 {[%emt 0:00:04]} 52. Kxe5 {[%emt 0:07:48]} h3 {[%emt 0:00:04]} 53. Kf4 {[%emt 0:00:07]} h2 {[%emt 0:00:04]} 54. Ra2+ {[%emt 0:00:03]} Kh3 {[%emt 0:00:09]} 55. Ra3+ {[%emt 0:02:03]} Kg2 {[%emt 0:00:07]} 56. Ra2+ {[%emt 0:00:03]} Kh3 {[%emt 0:00:05]} 57. Ra3+ {[%emt 0:00:07]} 1/2-1/2

[Event "Romanian-ch Open 2022"]
[Site "Eforie Nord"]
[Date "2022.02.26"]
[Round "8.24"]
[White "Tamas, Christian-Arrydan"]
[Black "Dragomirescu, Calin"]
[Result "1-0"]
[WhiteElo "1833"]
[BlackElo "2092"]
[Annotator "NA"]
[PlyCount "127"]
[EventDate "2022.02.20"]
[EventType "swiss"]
[EventCountry "ROU"]
[SourceTitle "playchess.com"]
[Source "ChessBase"]
[SourceQuality "1"]
[TimeControl "40/5400+30:900+30"]

1. d4 {[%emt 0:00:04]} d5 {[%emt 0:00:05]} 2. Nf3 {[%emt 0:00:17]} c6 {[%emt 0:00:07]} 3. g3 {[%emt 0:00:15]} e6 {[%emt 0:00:07]} 4. Bg2 {[%emt 0:00:24]} f5 {[%emt 0:00:08]} 5. O-O {[%emt 0:00:33]} Nf6 {[%emt 0:00:11]} 6. c4 {[%emt 0:00:41]} Bd6 {[%emt 0:00:11]} 7. Nbd2 {[%emt 0:00:38]} Nbd7 {[%emt 0:00:47]} 8. Ne1 {[%emt 0:00:46]} O-O {[%emt 0:00:39]} 9. Nd3 {[%emt 0:01:09]} Ne4 {[%emt 0:00:22]} 10. Qc2 {[%emt 0:09:14]} Qf6 {[%emt 0:05:17]} 11. e3 {[%emt 0:08:21]} g5 {[%emt 0:00:47]} 12. b3 {[%emt 0:01:44]} Qh6 {[%emt 0:01:47]} 13. f3 {[%emt 0:07:24]} Nxg3 {[%emt 0:05:11]} 14. hxg3 {[%emt 0:00:06]} Bxg3 {[%emt 0:00:02]} 15. Rd1 {[%emt 0:00:13]} Bh2+ {[%emt 0:04:15]} 16. Kf1 {[%emt 0:02:50]} Nf6 {[%emt 0:01:34]} 17. Ke2 {[%emt 0:02:57]} Nh5 {[%emt 0:05:14]} 18. Nf1 {[%emt 0:01:10]} Bd6 {[%emt 0:00:15]} 19. Ne5 {[%emt 0:06:11]} Bxe5 {[%emt 0:00:16]} 20. dxe5 {[%emt 0:00:03]} Bd7 {[%emt 0:00:17]} 21. Bd2 {[%emt 0:04:33]} Be8 {[%emt 0:02:44]} 22. Be1 {[%emt 0:08:11]} Bg6 {[%emt 0:01:27]} 23. Qd2 {[%emt 0:02:25]} f4 {[%emt 0:02:27]} 24. Bf2 {[%emt 0:00:13]} fxe3 {[%emt 0:02:47]} 25. Bxe3 {[%emt 0:00:15]} Nf4+ {[%emt 0:00:06]} 26. Bxf4 {[%emt 0:00:17]} Rxf4 {[%emt 0:00:22]} 27. Ne3 {[%emt 0:02:31]} d4 {[%emt 0:19:45]} 28. Ng4 {[%emt 0:02:04]} d3+ {[%emt 0:02:15]} 29. Ke3 {[%emt 0:00:21]} Rxg4 {[%emt 0:01:55]} 30. fxg4 {[%emt 0:00:13]} Qh2 {[%emt 0:00:16]} 31. Kd4 {[%emt 0:13:15]} c5+ {[%emt 0:08:08]} 32. Kxc5 {[%emt 0:00:20]} Qxe5+ {[%emt 0:00:13]} 33. Kb4 {[%emt 0:00:10]} a5+ {[%emt 0:06:01]} 34. Ka3 {[%emt 0:03:52]} b5 {[%emt 0:00:14]} 35. cxb5 {[%emt 0:01:30]} Rc8 {[%emt 0:00:16]} 36. Rac1 {[%emt 0:01:59]} Qd6+ {[%emt 0:03:26]} 37. Kb2 {[%emt 0:00:09]} Qd4+ {[%emt 0:00:10]} 38. Rc3 {[%emt 0:02:10]} a4 {[%emt 0:04:07]} 39. Bc6 {[%emt 0:01:42]} Rf8 {[%emt 0:00:41]} 40. Qc1 {[%emt 0:00:00]} e5 {[%emt 0:00:00]} 41. b6 {[%emt 0:14:08]} axb3 {[%emt 0:05:20]} 42. axb3 {[%emt 0:00:59]} e4 {[%emt 0:03:08]} 43. Qxg5 {[%emt 0:09:43]} Rf2+ {[%emt 0:02:07]} 44. Rd2 {[%emt 0:00:07]} Rxd2+ {[%emt 0:00:54]} 45. Qxd2 {[%emt 0:00:06]} e3 {[%emt 0:00:10]} 46. Qg2 {[%emt 0:02:05]} e2 {[%emt 0:03:58]} 47. b7 {[%emt 0:01:45]} Qxc3+ {[%emt 0:00:12]} 48. Kxc3 {[%emt 0:00:05]} e1=Q+ {[%emt 0:00:09]} 49. Kc4 {[%emt 0:04:41]} Qc1+ {[%emt 0:01:17]} 50. Kb5 {[%emt 0:00:29]} Qf4 {[%emt 0:01:39]} 51. Qd5+ {[%emt 0:01:12]} Kg7 {[%emt 0:00:58]} 52. Qd7+ {[%emt 0:00:22]} Kh6 {[%emt 0:01:05]} 53. g5+ {[%emt 0:00:06]} Qxg5+ {[%emt 0:00:24]} 54. Ka6 {[%emt 0:00:51]} Qe5 {[%emt 0:04:20]} 55. Qd8 {[%emt 0:00:18]} Qa1+ {[%emt 0:01:03]} 56. Ba4 {[%emt 0:01:55]} Qf1 {[%emt 0:03:27]} 57. Qh4+ {[%emt 0:00:40]} Kg7 {[%emt 0:00:25]} 58. Qd4+ {[%emt 0:00:09]} Kh6 {[%emt 0:00:15]} 59. b8=Q {[%emt 0:00:27]} d2+ {[%emt 0:00:05]} 60. Bb5 {[%emt 0:00:05]} d1=Q {[%emt 0:00:21]} 61. Qh4+ {[%emt 0:00:32]} Kg7 {[%emt 0:00:07]} 62. Qe5+ {[%emt 0:00:32]} Kg8 {[%emt 0:00:25]} 63. Bxf1 {[%emt 0:00:07]} Qxf1+ {[%emt 0:00:06]} 64. Qc4+ {[%emt 0:00:05]} 1-0

[Event "Romanian-ch Open 2022"]
[Site "Eforie Nord"]
[Date "2022.02.26"]
[Round "8.25"]
[White "Ignat, Matei-Marius"]
[Black "Butolo, Alexandru-Mircea"]
[Result "1/2-1/2"]
[WhiteElo "2053"]
[BlackElo "1850"]
[Annotator "ChessBase"]
[PlyCount "71"]
[EventDate "2022.02.20"]
[EventType "swiss"]
[EventCountry "ROU"]
[SourceTitle "playchess.com"]
[Source "ChessBase"]
[SourceQuality "1"]
[TimeControl "40/5400+30:900+30"]

1. d4 {[%emt 0:00:03]} Nf6 {[%emt 0:00:27]} 2. c4 {[%emt 0:00:04]} e6 {[%emt 0:00:02]} 3. Nf3 {[%emt 0:00:04]} Bb4+ {[%emt 0:00:04]} 4. Bd2 {[%emt 0:01:15]} Qe7 {[%emt 0:01:14]} 5. Qc2 {[%emt 0:01:36]} O-O {[%emt 0:02:30]} 6. Nc3 {[%emt 0:04:14]} d5 {[%emt 0:10:28]} 7. e3 {[%emt 0:03:20]} b6 {[%emt 0:07:51]} 8. a3 {[%emt 0:07:53]} Bxc3 {[%emt 0:00:10]} 9. Bxc3 {[%emt 0:00:05]} Nbd7 {[%emt 0:01:16]} 10. Rc1 {[%emt 0:04:14]} Ba6 {[%emt 0:01:40]} 11. Qa4 {[%emt 0:04:23]} Bxc4 {[%emt 0:01:04]} 12. Bxc4 {[%emt 0:00:04]} dxc4 {[%emt 0:00:02]} 13. Qxc4 {[%emt 0:02:33]} c5 {[%emt 0:01:14]} 14. O-O {[%emt 0:00:16]} Ne4 {[%emt 0:03:15]} 15. dxc5 {[%emt 0:04:58]} Nxc3 {[%emt 0:00:08]} 16. Qxc3 {[%emt 0:13:25]} Nxc5 {[%emt 0:00:46]} 17. b4 {[%emt 0:00:13]} Nb7 {[%emt 0:04:46]} 18. Qc7 {[%emt 0:13:21]} Qxc7 {[%emt 0:00:05]} 19. Rxc7 {[%emt 0:00:03]} Nd6 {[%emt 0:00:05]} 20. Rd1 {[%emt 0:00:22]} Nb5 {[%emt 0:00:58]} 21. Rb7 {[%emt 0:00:22]} Nxa3 {[%emt 0:05:31]} 22. Rdd7 {[%emt 0:08:01]} Nc4 {[%emt 0:00:42]} 23. Rxa7 {[%emt 0:04:24]} Rxa7 {[%emt 0:00:41]} 24. Rxa7 {[%emt 0:00:10]} Rd8 {[%emt 0:02:39]} 25. Kf1 {[%emt 0:04:08]} h6 {[%emt 0:00:21]} 26. Rc7 {[%emt 0:01:16]} b5 {[%emt 0:09:04]} 27. Rb7 {[%emt 0:03:06]} Nd6 {[%emt 0:00:05]} 28. Rb6 {[%emt 0:00:03]} Ne4 {[%emt 0:00:45]} 29. Rxb5 {[%emt 0:04:43]} Rd1+ {[%emt 0:01:21]} 30. Ne1 {[%emt 0:00:06]} Rb1 {[%emt 0:01:47]} 31. f3 {[%emt 0:06:13]} Nc3 {[%emt 0:00:57]} 32. Rb8+ {[%emt 0:00:04]} Kh7 {[%emt 0:00:03]} 33. e4 {[%emt 0:00:49]} f5 {[%emt 0:02:32]} 34. Rc8 {[%emt 0:04:32]} Na2 {[%emt 0:01:23]} 35. exf5 {[%emt 0:00:14]} exf5 {[%emt 0:00:03]} 36. Rb8 {[%emt 0:07:53]} 1/2-1/2

[Event "Romanian-ch Open 2022"]
[Site "Eforie Nord"]
[Date "2022.02.26"]
[Round "8.26"]
[White "Mintau, Andrei-Catalin"]
[Black "Craciun, Sasha-Matei"]
[Result "1-0"]
[WhiteElo "2029"]
[BlackElo "1871"]
[Annotator "NA"]
[PlyCount "57"]
[EventDate "2022.02.20"]
[EventType "swiss"]
[EventCountry "ROU"]
[SourceTitle "playchess.com"]
[Source "ChessBase"]
[SourceQuality "1"]
[TimeControl "40/5400+30:900+30"]

1. e4 {[%emt 0:00:02]} e5 {[%emt 0:00:08]} 2. Nf3 {[%emt 0:00:04]} Nc6 {[%emt 0:00:07]} 3. d4 {[%emt 0:00:03]} exd4 {[%emt 0:00:06]} 4. Nxd4 {[%emt 0:00:04]} Bc5 {[%emt 0:00:20]} 5. Be3 {[%emt 0:00:15]} Qf6 {[%emt 0:00:19]} 6. c3 {[%emt 0:00:06]} Nge7 {[%emt 0:00:15]} 7. Bc4 {[%emt 0:00:12]} Ne5 {[%emt 0:03:09]} 8. Be2 {[%emt 0:00:15]} Qg6 {[%emt 0:01:23]} 9. O-O {[%emt 0:00:08]} d6 {[%emt 0:05:32]} 10. f3 {[%emt 0:00:10]} O-O {[%emt 0:01:32]} 11. Nd2 {[%emt 0:00:33]} d5 {[%emt 0:01:29]} 12. Qc2 {[%emt 0:10:55]} dxe4 {[%emt 0:06:29]} 13. Nxe4 {[%emt 0:02:47]} Bb6 {[%emt 0:03:42]} 14. a4 {[%emt 0:04:10]} Bh3 {[%emt 0:15:51]} 15. Rf2 {[%emt 0:02:49]} Nf5 {[%emt 0:00:23]} 16. Nxf5 {[%emt 0:16:53]} Bxf5 {[%emt 0:00:20]} 17. Bd4 {[%emt 0:03:22]} Rae8 {[%emt 0:17:24]} 18. a5 {[%emt 0:02:09]} Bxd4 {[%emt 0:00:08]} 19. cxd4 {[%emt 0:00:04]} Nc6 {[%emt 0:01:24]} 20. Rd1 {[%emt 0:29:25]} Bxe4 {[%emt 0:14:44]} 21. fxe4 {[%emt 0:00:02]} Qxe4 {[%emt 0:00:19]} 22. Bd3 {[%emt 0:00:07]} Qe3 {[%emt 0:01:27]} 23. Bxh7+ {[%emt 0:16:44]} Kh8 {[%emt 0:00:02]} 24. Rd3 {[%emt 0:00:08]} Qe1+ {[%emt 0:00:40]} 25. Rf1 {[%emt 0:00:01]} Nb4 {[%emt 0:00:38]} 26. Rh3 {[%emt 0:02:13]} Nxc2 {[%emt 0:00:16]} 27. Bxc2+ {[%emt 0:00:10]} Kg8 {[%emt 0:00:01]} 28. Bh7+ {[%emt 0:00:05]} Kh8 {[%emt 0:00:07]} 29. Bd3+ {[%emt 0:11:04]} 1-0